000 00857nas a2200289 4500
001 BR0305223
003 BR-BrBNA
005 20231205104137.0
007 ta
008 230509b bl.|||p| |||| 00| 00por d
040 _aBR-BrBNA
_bpor
_cBiblioteca Nacional de Agricultura
041 _a(En)
072 _aQ04
100 1 _aShiga, T.M.
100 1 _aLajolo, F.M.
100 1 _aFilisetti, T.M.C.C.
245 1 _aCell wall polysaccharides of common beans (Phaseolus vulgaris L.)
650 _aFEIJÃO
650 _aCOMPOSIÇÃO QUÍMICA
650 _aPECTINA
650 _aESTABILIZANTE
650 _aCARBOIDRATO
650 _aCROMATOGRAFIA GASOSA
773 0 _tCiência e Tecnologia de Alimentos (Brazil)
_xISSN 0101-2061
_g(May-Aug 2003), v. 23(2) p. 141-148
_wBR0305223
909 _a202311
_bLúcia
_c55
_dLúcia Elande
942 _2AGRIS
_n0
_cANA
999 _c176596
_d176596